000 01022nam a22002537a 4500
005 20110810113757.0
008 110810t xxu||||| |||| 00| 0 eng d
010 _aENG-103468
020 _c200.00
_a8187301260
035 _aEN-87001
037 _bDBAD/PUB
040 _aDPL
_bEng
082 _a658.1
100 _931629
_aAmuthalakshmi, P.
245 _aOrganization development :
_cby P.Amuthalakshmi, Umachandran Krishnan [and] M.D.S. Prabu
_bintervention in Indian business /
260 _aChennai
_bArmoise Trustt
_c2009
270 _bChennai
_e600064
_aPlot 19&20, Block C, Seetharaman Street, Kaderi Ambal Nagar, jain Nagar Extension, Hasthinapuram, Chitlapakkam
300 _aviii,280p. :
_c22cm (pbk)
_bill.
650 _931639
700 _931640
_aKrishnan, Umachandran
700 _aPrabu, M.D.S.
_933935
942 _2ddc
_cEN
_mAMU
_h658.1
999 _c55549
_d55549